zpět

Detail výsledku týmu

Bowling Darts Rubín, Brno

Datum a čas kvízu

34 Celkem bodů Celkový počet nahraných bodů na tomto kvízu bez doplňovacích otázek.
2. Pořadí na kvízu Konečné umístění týmu na tomto kvízu.

Zaznamenané odpovědi

# Otázka Odpověď Body Výsledky
1. O víkendu se na letišti v Ostr... 20. ročník 0
2. Vláda jednoho z karibských ost... Barbados 0
3. Internetová platforma TikTok p... YouTube 0
4. Cena Ig Nobel Prize, tedy jaká... helium 1
5. Letošní Tour de France se zaps... Tadej Pogačar 1
6. Po dějinách Ukrajiny, které js... Štěpán I. (Svatý) 0
7. Jak se nazývá město v jižním M... Moháč 0
8. Jak se jmenoval dočasný státní... Maďarská republika rad 0
9. Období mezi lety 1969–1989 v M... János Kádár 0
10. Napište šestipísmennou zkratku... Fidesz 0